000 00516nam a2200181Ia 4500
005 20250326142125.0
008 250326s9999 xx 000 0 und d
037 _aTextbook
040 _aFMSL
_beng
_cFMSL
041 _aeng
_2eng
084 _aX:89ZB L7
_qFMSL
100 _aSalvatore D
245 0 _aTheory and problems of development eco.
_cSalvatore D; Dowling E T
260 _aNew York
_bNew York, McGraw Hill
_c1977
300 _a229p
942 _cTB
_hX:89ZB L7
999 _c1293550
_d1293550